000 00391nam a22001697a 4500
005 20260313141424.0
008 260313b |||||||| |||| 00| 0 eng d
037 _cTextbook
040 _aFMUL
_cFMUL
084 _qFMUL
100 _aRana, ashutosh
_91132016
245 _aRamrajya
260 _aDelhi
_bkotilya pub.
_c2023
300 _a320 p.
650 _aFMUL
942 _2CC
_cTB
_n0
999 _c1715365
_d1715365